Betulkan imbuhan

Bibliographic Details
Main Author: Tan Wee Chien
Format: Book
Published: Selangor : SAP Pub. (M) Sdn. Bhd. , 2014
Subjects:

MARC

LEADER 00000cam a2200000 7i4500
001 0000060979
005 20160309.0
008 160309
020 |a 9789673213825 
090 0 0 |a 499.2382076   |b TAN 
100 0 |a Tan Wee Chien 
245 1 0 |a Betulkan imbuhan   |c Tan Wee Chien 
260 |a Selangor :   |b SAP Pub. (M) Sdn. Bhd. ,   |c 2014 
300 |a 140 p. :   |b col. ill. ;   |c 25.3 cm. 
650 0 |a Malaysia language   |x Suffixes and prefixes   |x Problems, exercises, etc 
999 |a 0001393235   |b Book   |c Adult Collection   |e Cawangan Urban Transformation Centre